General equilibrium of a regional economy with a financial sector. 2. A simple behavioural model.

Začlenenie jednoduchých behaviouristických predpokladov do účtovného rámca, ktorý poskytuje prepojené rozpočty a bilancie za odvetvia v regionálnej ekonomike. Použitie krátkodobého keynesiánskeho modelu s prispôsobením množstva a nie cien, a kde sú regionálne ceny a úroková miera zhodné so štátnymi....

Ausführliche Beschreibung

Gespeichert in:
Bibliographische Detailangaben
1. Verfasser: Hughes, M.
Format: Buchkapitel
Sprache:Englisch
Schlagworte:
Tags: Tag hinzufügen
Keine Tags, Fügen Sie das erste Tag hinzu!

MARC

LEADER 00000naa a2200000 4500
001 r008944
005 20220913122446.5
041 0 |a eng 
044 |a US 
245 1 0 |a General equilibrium of a regional economy with a financial sector. 2. A simple behavioural model.  |c M. Hughes 
520 |a Začlenenie jednoduchých behaviouristických predpokladov do účtovného rámca, ktorý poskytuje prepojené rozpočty a bilancie za odvetvia v regionálnej ekonomike. Použitie krátkodobého keynesiánskeho modelu s prispôsobením množstva a nie cien, a kde sú regionálne ceny a úroková miera zhodné so štátnymi. Finančné služby ako faktory regionálneho rastu. 
610 2 0 |a modely ekonomické 
610 2 0 |a rozvoj regionálny 
610 2 0 |a behaviorizmus 
610 2 0 |a keynesizmus 
610 2 0 |a ceny 
610 2 0 |a miera úroková 
610 2 0 |a rozpočet miestny 
610 2 0 |a bilancie 
610 2 0 |a účtovníctvo 
610 2 0 |a rovnováha hospodárska 
100 1 |a Hughes, M.